Akademik prof. dr. Vladimír Kirilov Christov...[inc.]

Bibliographic Details
Format: Article
Language:Slovak
ISSN:0016-7096
Subjects:

MARC

LEADER 00000nab a2200000 a 4500
001 vtls000644614
003 SK-MaSNL
005 20260304083827.0
008 250425c1997 xo 0 slo
015 |a SNBRB19rr/mm-uuuuu 
035 |a CL0644753 
035 |a (urnnbn)urn:nbn:sk:snk:ar-006rlu 
035 |a (uuid)e4e25939-317f-4d97-9e8f-64dcb9a6ac11 
035 |a urn:nbn:sk:snk-ab897l 
040 |a SNKBUCL  |b slo  |c SNKBUCL  |e AACR2 
041 0 |a slo 
044 |a xo  |c SK 
080 |a 52-051  |2 1981 
080 |a 528-051  |2 1981 
080 |a 929 Christov, Vladimir Kirilov  |2 1981 
245 0 0 |a Akademik prof. dr. Vladimír Kirilov Christov...[inc.] 
600 1 7 |a Christov, Vladimir Kirilov  |d 1902-1979  |x informácie  |2 snkbucl  |9 1375236 
650 0 7 |a Christov, Vladimir Kirilov  |2 snkbucl  |9 1375237 
655 7 |a články z novín a časopisov  |2 snkbucl  |9 267496 
773 0 |t Geodetický a kartografický obzor  |g Roč. 43/85, č. 12 (1997), s. 273  |x 0016-7096 
850 |a Slovenská národná knižnica 
852 |a Slovenská národná knižnica 
954 |a odborná, vedecká literatúra pôvodná (slovenská)  |2 lita 
958 |a article9 
958 |a OND 
958 |a BC 
958 |a BG 
958 |a NX 
958 |a RK 
958 |a EUIPO 
992 |a RBX 
999 |c 2801419  |d 2803349